[Event "Berlin Lichtenrade op 15th"]
[Site "Berlin"]
[Date "2019.10.20"]
[Round "9"]
[White "Guder, Sibylle"]
[Black "Schmalzried, Volker"]
[Result "1/2-1/2"]
[WhiteElo "1915"]
[BlackElo "1808"]
[PlyCount "79"]
[EventDate "2019.10.12"]
[EventType "swiss"]
[EventRounds "9"]
[EventCountry "GER"]
[SourceTitle "CBM 195 Extra"]
[Source "ChessBase"]
[SourceDate "2020.05.31"]
[SourceVersion "1"]
[SourceVersionDate "2020.05.31"]
[SourceQuality "1"]

1. e4 c5 2. Nf3 Nc6 3. d4 cxd4 4. Nxd4 g6 5. Nc3 Bg7 6. Be3 d6 7. Qd2 Nf6 8. f3 0-0 9. Bc4 Bd7 10. 0-0-0 a6 11. g4 b5 12. Bb3 Nxd4 13. Bxd4 a5 14. Nd5 Nxd5 15. Bxd5 Rc8 16. Bxg7 Kxg7 17. a3 Qc7 18. h4 h6 19. Rh2 Be6 20. h5 g5 21. Qd3 Bxd5 22. exd5 Qc4 23. Qxc4 Rxc4 24. Re2 Rfc8 25. Rd3 R8c7 26. b3 Rf4 27. Kd2 f5 28. Rg2 Kf6 29. c3 a4 30. bxa4 bxa4 31. Ke3 Rcc4 32. gxf5 Kxf5 33. Rb2 g4 34. fxg4+ Kxg4 35. Rg2+ Kxh5 36. Rg7 Rce4+ 37. Kd2 Kh4 38. Re3 h5 39. Rxe7 Rxe7 40. Rxe7 1/2-1/2

[Event "Berlin Lichtenrade op 15th"]
[Site "Berlin"]
[Date "2019.10.15"]
[Round "4"]
[White "Schmalzried, Volker"]
[Black "Spors, Carl Philip"]
[Result "0-1"]
[WhiteElo "1808"]
[BlackElo "1971"]
[PlyCount "82"]
[EventDate "2019.10.12"]
[EventType "swiss"]
[EventRounds "9"]
[EventCountry "GER"]
[SourceTitle "CBM 195 Extra"]
[Source "ChessBase"]
[SourceDate "2020.05.31"]
[SourceVersion "1"]
[SourceVersionDate "2020.05.31"]
[SourceQuality "1"]

1. c4 Nf6 2. Nc3 g6 3. Nf3 Bg7 4. d4 0-0 5. g3 d6 6. Bg2 Nc6 7. 0-0 a6 8. e4 Bg4 9. h3 Bxf3 10. Bxf3 e5 11. d5 Nd4 12. Bg2 Nd7 13. Be3 c5 14. dxc6 bxc6 15. b3 Nc5 16. Rc1 Nce6 17. Ne2 Nxe2+ 18. Qxe2 c5 19. Qd2 a5 20. Rcd1 Ra6 21. h4 Qe7 22. Bh3 Nd4 23. Bxd4 exd4 24. Rde1 Rb8 25. Qd3 a4 26. Rb1 Qa7 27. h5 axb3 28. axb3 Ra2 29. hxg6 hxg6 30. f4 Qa5 31. Rf2 Rxf2 32. Kxf2 Rb7 33. f5 gxf5 34. exf5 Qc3 35. Bf1 Ra7 36. Be2 Ra2 37. Kf3 Rd2 38. Qxc3 dxc3 39. Rc1 c2 40. Rh1 Bb2 41. Ke3 c1Q 0-1

[Event "Berlin Lichtenberger op 18th"]
[Site "Berlin"]
[Date "2019.08.24"]
[Round "8"]
[White "Udet, Fabian"]
[Black "Schmalzried, Volker"]
[Result "0-1"]
[WhiteElo "1684"]
[BlackElo "1808"]
[PlyCount "132"]
[EventDate "2019.08.17"]
[EventType "swiss"]
[EventRounds "9"]
[EventCountry "GER"]
[SourceTitle "EXT 2020"]
[Source "ChessBase"]
[SourceDate "2019.10.17"]
[SourceVersion "1"]
[SourceVersionDate "2019.10.17"]
[SourceQuality "1"]

1. e4 c5 2. Nc3 Nc6 3. f4 g6 4. Nf3 Bg7 5. Bb5 d6 6. 0-0 Nf6 7. d3 0-0 8. Bxc6 bxc6 9. Qe1 Rb8 10. Qh4 Bg4 11. h3 Bxf3 12. Rxf3 Nd7 13. Qe1 e6 14. Rb1 f5 15. b3 Qa5 16. Bb2 Rbe8 17. Na4 Qc7 18. Bxg7 Kxg7 19. c4 fxe4 20. dxe4 d5 21. e5 Rf7 22. Qf2 Ref8 23. g3 d4 24. Re1 a5 25. Nb2 Nb6 26. Nd3 Qe7 27. a4 Nd7 28. Qd2 Qd8 29. Kg2 Qb6 30. Qd1 Nb8 31. Ref1 Na6 32. g4 Nb4 33. f5 exf5 34. gxf5 Rxf5 35. Rxf5 Rxf5 36. Rxf5 gxf5 37. Nf4 Qb7 38. Ne6+ Kg6 39. Nxc5 d3 40. Nxd3 Nxd3 41. Qxd3 c5+ 42. Kg3 Qe7 43. Qd6+ Kf7 44. Kf3 Qh4 45. Qd7+ Kg6 46. Qe6+ Kg7 47. Qxf5 Qe1 48. Kg4 Qd1+ 49. Qf3 Qd4+ 50. Kf5 Qd8 51. Qc6 Qd3+ 52. Qe4 Qxh3+ 53. Qg4+ Qxg4+ 54. Kxg4 Kf7 55. Kf5 h5 56. e6+ Ke7 57. Kg5 Kxe6 58. Kxh5 Ke5 59. Kg6 Kd4 60. Kf6 Kc3 61. Ke5 Kxb3 62. Kd5 Kb4 63. Ke4 Kxc4 64. Ke3 Kc3 65. Ke2 c4 66. Kd1 Kb2 0-1

[Event "Berlin Lichtenberger op 18th"]
[Site "Berlin"]
[Date "2019.08.21"]
[Round "5"]
[White "Schmalzried, Volker"]
[Black "Keusch, Horst"]
[Result "0-1"]
[WhiteElo "1808"]
[BlackElo "2001"]
[PlyCount "114"]
[EventDate "2019.08.17"]
[EventType "swiss"]
[EventRounds "9"]
[EventCountry "GER"]
[SourceTitle "EXT 2020"]
[Source "ChessBase"]
[SourceDate "2019.10.17"]
[SourceVersion "1"]
[SourceVersionDate "2019.10.17"]
[SourceQuality "1"]

1. c4 f5 2. Nc3 Nf6 3. d4 g6 4. g3 Bg7 5. Bg2 0-0 6. Nf3 d6 7. 0-0 c6 8. Bg5 h6 9. Bd2 Na6 10. Rb1 Re8 11. b4 Nc7 12. a4 e5 13. c5 e4 14. Ne1 d5 15. Bf4 Nh5 16. Bxc7 Qxc7 17. f4 b6 18. Nc2 bxc5 19. bxc5 Nf6 20. Ne3 Ba6 21. Qc2 Rab8 22. Rxb8 Rxb8 23. Rb1 Rb7 24. Ned1 Qb8 25. e3 Ng4 26. Rxb7 Qxb7 27. h3 Nf6 28. Bf1 Bxf1 29. Kxf1 Kf7 30. Kf2 g5 31. Qb2 Qc7 32. Qe2 Ke6 33. Qa6 Ke7 34. Na2 Nd7 35. Qe2 Qa5 36. Nac3 Nf6 37. Qb2 Qc7 38. Qe2 Kd7 39. Qa6 Qb8 40. Qe2 Bf8 41. Qb2 Qc7 42. Qe2 Be7 43. Qb2 Bd8 44. Qb4 Kc8 45. Qb2 Qa5 46. Qe2 Bc7 47. Kg2 Qb4 48. Qf2 g4 49. Qe2 gxh3+ 50. Kxh3 Kd7 51. Qa6 Ng4 52. Qxa7 Qc4 53. Kh4 Nf6 54. g4 fxg4 55. Qb7 Qf1 56. Kg3 Qh3+ 57. Kf2 g3+ 0-1

[Event "Berlin Lichtenberger op 17th"]
[Site "Berlin"]
[Date "2018.08.26"]
[Round "9"]
[White "Plaza Reino, Agustin"]
[Black "Schmalzried, Volker"]
[Result "1/2-1/2"]
[WhiteElo "1944"]
[BlackElo "1807"]
[PlyCount "81"]
[EventDate "2018.08.18"]
[EventType "swiss"]
[EventRounds "9"]
[EventCountry "GER"]
[SourceTitle "CBM 186 Extra"]
[Source "ChessBase"]
[SourceDate "2018.08.24"]
[SourceVersion "1"]
[SourceVersionDate "2018.08.24"]
[SourceQuality "1"]

1. e4 c5 2. Nf3 Nc6 3. d4 cxd4 4. Nxd4 g6 5. Nc3 Bg7 6. Nde2 Nf6 7. g3 0-0 8. Bg2 d6 9. 0-0 Bd7 10. Nd5 Nxd5 11. exd5 Ne5 12. a4 Qc8 13. Nd4 Bh3 14. Nb5 Bxg2 15. Kxg2 a6 16. Na3 e6 17. c3 exd5 18. Qxd5 Qc6 19. Qxc6 bxc6 20. Rd1 d5 21. Be3 Rfe8 22. h3 Rab8 23. b4 Rb7 24. Ra2 h6 25. a5 g5 26. Bc5 Nd7 27. Bd4 Bxd4 28. Rxd4 Nf6 29. Rad2 Rbe7 30. R4d3 Re2 31. Nc2 Rxd2 32. Rxd2 Rc8 33. Ne3 Re8 34. Kf3 Kg7 35. Re2 Kg6 36. Nc2 Ne4 37. Re3 Re6 38. Nd4 Rf6+ 39. Ke2 Rxf2+ 40. Ke1 Rf6 41. c4 1/2-1/2

[Event "Berlin Lichtenberger op 16th"]
[Site "Berlin"]
[Date "2017.08.21"]
[Round "3"]
[White "Kaufmann, Mathias"]
[Black "Schmalzried, Volker"]
[Result "0-1"]
[WhiteElo "1516"]
[BlackElo "1858"]
[PlyCount "70"]
[EventDate "2017.08.19"]
[EventType "swiss"]
[EventRounds "9"]
[EventCountry "GER"]
[SourceTitle "CBM 180 Extra"]
[Source "ChessBase"]
[SourceDate "2017.10.06"]
[SourceVersion "1"]
[SourceVersionDate "2017.10.06"]
[SourceQuality "1"]

1. c4 c5 2. Nc3 Nc6 3. Nf3 g6 4. d4 cxd4 5. Nxd4 Bg7 6. e3 Nf6 7. Nxc6 bxc6 8. Bd3 0-0 9. 0-0 d5 10. cxd5 cxd5 11. Be2 Bb7 12. Bf3 Rb8 13. Rb1 e5 14. Qa4 d4 15. Rd1 Bxf3 16. gxf3 Nd5 17. Nxd5 Qxd5 18. e4 Qc5 19. b3 Qc3 20. Ba3 Rfd8 21. Kg2 Bh6 22. Bc1 Bf8 23. Bd2 Qc5 24. Rbc1 Qe7 25. Rg1 Rdc8 26. Rxc8 Rxc8 27. Rc1 Rxc1 28. Bxc1 Qc5 29. Bg5 h6 30. Bf6 Qd6 31. Bh4 d3 32. b4 d2 33. Qd1 Qxb4 34. Kf1 Qc4+ 35. Kg2 Qc1 0-1

[Event "Berlin Lichtenberger op 15th"]
[Site "Berlin"]
[Date "2016.08.18"]
[Round "6"]
[White "Schmalzried, Volker"]
[Black "Wirth, Heinz"]
[Result "1/2-1/2"]
[WhiteElo "1870"]
[BlackElo "1996"]
[PlyCount "94"]
[EventDate "2016.08.13"]
[EventType "swiss"]
[EventRounds "9"]
[EventCountry "GER"]
[SourceTitle "CBM 173 Extra"]
[Source "ChessBase"]
[SourceDate "2016.08.29"]
[SourceVersion "1"]
[SourceVersionDate "2016.08.29"]
[SourceQuality "1"]

1. c4 Nf6 2. Nc3 d5 3. cxd5 Nxd5 4. g3 g6 5. Bg2 Nb6 6. Nf3 Bg7 7. 0-0 0-0 8. d4 Nc6 9. e3 Re8 10. b3 e5 11. dxe5 Nxe5 12. Nxe5 Bxe5 13. Bb2 c6 14. Qc2 Qe7 15. Rad1 a5 16. Rd2 a4 17. Nxa4 Nxa4 18. Bxe5 Qxe5 19. bxa4 Qa5 20. Rd4 Be6 21. Rb1 Ra7 22. Rdb4 Bc8 23. Bf1 Rd8 24. Qb3 Qc7 25. Rf4 Be6 26. Bc4 Bd5 27. Bxd5 Rxd5 28. Rb4 Rd7 29. Rb6 c5 30. Qc4 Rd1+ 31. Rxd1 Qxb6 32. Rd7 Qf6 33. Qxc5 Rxa4 34. Rxb7 Ra8 35. Ra7 Rb8 36. Qd5 Rb2 37. f4 h5 38. Rb7 Re2 39. Rb8+ Kg7 40. Qd4 Qxd4 41. exd4 Rd2 42. Rb1 Rxd4 43. Ra1 Ra4 44. a3 Kf6 45. Kf2 h4 46. Kf3 hxg3 47. hxg3 g5 1/2-1/2

[Event "Berlin Lichtenberger op 13th"]
[Site "Berlin"]
[Date "2014.08.16"]
[Round "1"]
[White "Schmalzried, Volker"]
[Black "Glantz, Robert"]
[Result "0-1"]
[WhiteElo "1875"]
[BlackElo "2308"]
[PlyCount "54"]
[EventDate "2014.08.16"]
[EventType "swiss"]
[EventRounds "9"]
[EventCountry "GER"]
[SourceTitle "CBM 161 Extra"]
[Source "ChessBase"]
[SourceDate "2014.08.29"]
[SourceVersion "1"]
[SourceVersionDate "2014.08.29"]
[SourceQuality "1"]

1. c4 Nf6 2. Nc3 d6 3. g3 g6 4. Bg2 Bg7 5. Nf3 0-0 6. 0-0 e5 7. d4 Nbd7 8. d5 a5 9. e4 Nc5 10. Re1 Bd7 11. Rb1 c6 12. b4 axb4 13. Rxb4 Qa5 14. a3 Rfc8 15. dxc6 Bxc6 16. Nd5 Nxd5 17. exd5 Ba4 18. Qe2 e4 19. Ng5 Nd3 20. Nxe4 Nxe1 21. Nxd6 Nxg2 22. Kxg2 Rc7 23. Bf4 Bf8 24. Nxb7 Rxb7 25. Rxb7 Be8 26. Qd3 Bxa3 27. d6 Bc6+ 0-1

[Event "Berlin Lichtenrade op 09th"]
[Site "Berlin"]
[Date "2013.10.06"]
[Round "9.26"]
[White "Welz, Peter"]
[Black "Schmalzried, Volker"]
[Result "0-1"]
[WhiteElo "2139"]
[BlackElo "1901"]
[PlyCount "74"]
[EventDate "2013.09.28"]
[EventType "swiss"]
[EventRounds "9"]
[EventCountry "GER"]
[SourceTitle "EXT 2015"]
[Source "ChessBase"]
[SourceDate "2014.11.20"]
[SourceVersion "1"]
[SourceVersionDate "2014.11.20"]
[SourceQuality "1"]

1. e4 c5 2. Nc3 Nc6 3. g3 g6 4. Bg2 Bg7 5. d3 Nf6 6. f4 d6 7. Nf3 0-0 8. 0-0 Bd7 9. h3 Qb6 10. Kh2 e5 11. f5 Nd4 12. g4 h6 13. Nh4 Kh7 14. Qd2 Qd8 15. Qf2 b5 16. g5 hxg5 17. Bxg5 Ng4+ 18. hxg4 Qxg5 19. Bh3 Nxc2 20. Nd5 Nxa1 21. Nf3 Qd8 22. g5 Rh8 23. Kg2 Kg8 24. Rxa1 gxf5 25. Bxf5 Bxf5 26. exf5 f6 27. g6 Rc8 28. Rh1 Rxh1 29. Kxh1 Qd7 30. Qh4 Kf8 31. Qe4 c4 32. d4 Qc6 33. Kh2 b4 34. dxe5 dxe5 35. Ng5 fxg5 36. f6 Bxf6 37. Qf5 Qxd5 0-1

[Event "Berlin Lichtenrade op 09th"]
[Site "Berlin"]
[Date "2013.09.29"]
[Round "2"]
[White "Schmalzried, Volker"]
[Black "Glantz, Robert"]
[Result "0-1"]
[WhiteElo "1901"]
[BlackElo "2310"]
[PlyCount "84"]
[EventDate "2013.09.28"]
[EventType "swiss"]
[EventRounds "9"]
[EventCountry "GER"]
[SourceTitle "CBM 156 Extra"]
[Source "ChessBase"]
[SourceDate "2013.10.22"]
[SourceVersion "1"]
[SourceVersionDate "2013.10.22"]
[SourceQuality "1"]

1. c4 Nf6 2. Nc3 e6 3. d4 Bb4 4. Bd2 d5 5. cxd5 exd5 6. Nf3 0-0 7. e3 Re8 8. Bd3 Bd6 9. 0-0 b6 10. Rc1 a6 11. Re1 Bb7 12. Qc2 Ne4 13. a3 Qe7 14. Na2 Nd7 15. Bb4 c5 16. Bc3 Rac8 17. Qe2 c4 18. Bxe4 dxe4 19. Nd2 Qh4 20. g3 Qh3 21. Nxc4 Re6 22. Nxd6 Rh6 23. f4 exf3 24. Qf2 Nf6 25. e4 Ng4 26. Qxf3 Qxh2+ 27. Kf1 Rxd6 28. Re2 Rf6 29. Rxh2 Nxh2+ 30. Kg2 Rxf3 31. Kxh2 Bxe4 32. Re1 f5 33. g4 Rc6 34. gxf5 Rh6+ 35. Kg2 Re3+ 36. Kf2 Rxe1 37. Kxe1 a5 38. Bd2 Rh1+ 39. Ke2 Bxf5 40. Nc3 h5 41. d5 h4 42. Be3 h3 0-1

[Event "Berlin Lichtenberger op 12th"]
[Site "Berlin"]
[Date "2013.08.17"]
[Round "1"]
[White "Schmalzried, Volker"]
[Black "Kohler, Thomas"]
[Result "1/2-1/2"]
[WhiteElo "1882"]
[BlackElo "2263"]
[PlyCount "78"]
[EventDate "2013.08.17"]
[EventType "swiss"]
[EventRounds "9"]
[EventCountry "GER"]
[SourceTitle "CBM 156 Extra"]
[Source "ChessBase"]
[SourceDate "2013.10.22"]
[SourceVersion "1"]
[SourceVersionDate "2013.10.22"]
[SourceQuality "1"]

1. c4 d6 2. d4 g6 3. Nf3 Bg7 4. g3 Nf6 5. Bg2 0-0 6. 0-0 Nc6 7. Nc3 Bf5 8. Re1 Ne4 9. Nxe4 Bxe4 10. Be3 d5 11. c5 Nb4 12. Nh4 Bxg2 13. Kxg2 Nc6 14. Nf3 Qd7 15. Rb1 a5 16. a3 a4 17. Qd2 Na5 18. Bh6 Nc4 19. Qc1 Rfe8 20. Bxg7 Kxg7 21. b3 axb3 22. Rxb3 Qc6 23. Kg1 Ra4 24. Nd2 e5 25. e3 Kg8 26. Nxc4 Rxc4 27. Rc3 exd4 28. Rxc4 dxc4 29. exd4 Rxe1+ 30. Qxe1 Qd5 31. Qe3 b6 32. Kf1 bxc5 33. dxc5 Qd1+ 34. Qe1 Qd4 35. Qe3 Qd1+ 36. Qe1 Qd3+ 37. Qe2 Qd5 38. Qe3 Qd1+ 39. Qe1 Qd3+ 1/2-1/2

[Event "Berlin-ch QT"]
[Site "Berlin"]
[Date "2013.04.07"]
[Round "9"]
[White "Shapiro, Yosip"]
[Black "Schmalzried, Volker"]
[Result "1-0"]
[WhiteElo "2129"]
[BlackElo "1887"]
[PlyCount "57"]
[EventDate "2013.03.30"]
[EventType "swiss"]
[EventRounds "9"]
[EventCountry "GER"]
[SourceTitle "EXT 2023"]
[Source "ChessBase"]
[SourceDate "2022.10.05"]
[SourceVersion "1"]
[SourceVersionDate "2022.10.05"]
[SourceQuality "1"]

1. Nf3 c5 2. c4 Nc6 3. Nc3 g6 4. g3 Bg7 5. Bg2 Nf6 6. 0-0 0-0 7. d4 cxd4 8. Nxd4 Qb6 9. e3 d6 10. b3 Ng4 11. Nd5 Qd8 12. h3 Nge5 13. Bb2 Nxd4 14. Bxd4 Bd7 15. f4 Nc6 16. Bxg7 Kxg7 17. g4 e6 18. Nc3 Qb6 19. Re1 Ne7 20. Ne4 d5 21. c5 Qb4 22. a3 Qa5 23. Qd4+ f6 24. Nxf6 Rxf6 25. g5 Ng8 26. e4 Raf8 27. exd5 e5 28. gxf6+ Rxf6 29. fxe5 1-0

[Event "Berlin Eckbauer op 15th"]
[Site "Berlin"]
[Date "2012.11.12"]
[Round "5.8"]
[White "Gebigke, Martin"]
[Black "Schmalzried, Volker"]
[Result "1-0"]
[WhiteElo "2137"]
[BlackElo "1886"]
[PlyCount "55"]
[EventDate "2012.10.15"]
[EventType "swiss"]
[EventRounds "7"]
[EventCountry "GER"]
[SourceTitle "EXT 2022"]
[Source "ChessBase"]
[SourceDate "2021.10.06"]
[SourceVersion "1"]
[SourceVersionDate "2021.10.06"]
[SourceQuality "1"]

1. e4 c5 2. Nf3 Nc6 3. d4 cxd4 4. Nxd4 g6 5. Nc3 Bg7 6. Be3 d6 7. Qd2 Nf6 8. f3 0-0 9. 0-0-0 Bd7 10. Bc4 a6 11. Bb3 b5 12. h4 h5 13. g4 hxg4 14. h5 Nxd4 15. Bxd4 Nxh5 16. Bxg7 Kxg7 17. Rxh5 Rh8 18. Rxh8 Qxh8 19. e5 gxf3 20. exd6 exd6 21. Qd4+ Kg8 22. Qxd6 Bf5 23. Nd5 Qh6+ 24. Kb1 f2 25. Ne7+ Kg7 26. Qd4+ Kf8 27. Nxf5 gxf5 28. Qd5 1-0

[Event "Berlin Eckbauer op 15th"]
[Site "Berlin"]
[Date "2012.11.05"]
[Round "4.18"]
[White "Mako, Atila"]
[Black "Schmalzried, Volker"]
[Result "0-1"]
[WhiteElo "1700"]
[BlackElo "1886"]
[PlyCount "64"]
[EventDate "2012.10.15"]
[EventType "swiss"]
[EventRounds "7"]
[EventCountry "GER"]
[SourceTitle "EXT 2022"]
[Source "ChessBase"]
[SourceDate "2021.10.06"]
[SourceVersion "1"]
[SourceVersionDate "2021.10.06"]
[SourceQuality "1"]

1. d4 g6 2. Bf4 Bg7 3. e3 c5 4. c3 cxd4 5. exd4 Nf6 6. Bd3 0-0 7. Nf3 d6 8. h3 Nc6 9. Na3 e5 10. Bg5 exd4 11. Nxd4 Nxd4 12. cxd4 Qb6 13. Nc4 Qxd4 14. Be3 Qd5 15. 0-0 b5 16. Na5 b4 17. Nc4 Bb7 18. f3 Ba6 19. Qb3 Nd7 20. Rad1 Bd4 21. Bxd4 Qxd4+ 22. Kh1 Nc5 23. Qc2 Nxd3 24. b3 d5 25. Rxd3 Qc5 26. Rfd1 dxc4 27. Rd5 Qc8 28. Rd6 cxb3 29. Qxb3 Rb8 30. Rf6 Bc4 31. Qe3 Bxa2 32. Rdd6 Rb6 0-1

[Event "Berlin Eckbauer op 15th"]
[Site "Berlin"]
[Date "2012.10.22"]
[Round "2.4"]
[White "Moeller, Hendrik"]
[Black "Schmalzried, Volker"]
[Result "1-0"]
[WhiteElo "2259"]
[BlackElo "1886"]
[PlyCount "91"]
[EventDate "2012.10.15"]
[EventType "swiss"]
[EventRounds "7"]
[EventCountry "GER"]
[SourceTitle "EXT 2022"]
[Source "ChessBase"]
[SourceDate "2021.10.06"]
[SourceVersion "1"]
[SourceVersionDate "2021.10.06"]
[SourceQuality "1"]

1. c4 c5 2. g3 Nc6 3. Bg2 g6 4. Nc3 Bg7 5. Nf3 Nf6 6. d4 cxd4 7. Nxd4 0-0 8. 0-0 Qb6 9. Ndb5 d6 10. Be3 Qd8 11. h3 Bd7 12. Rc1 a6 13. Na3 Rb8 14. Qd2 Ne5 15. Nd5 b5 16. Ba7 Nxd5 17. cxd5 Rb7 18. Bd4 b4 19. Nc4 Nxc4 20. Rxc4 Bxd4 21. Rxd4 a5 22. Qh6 f5 23. h4 Rf7 24. h5 Qf8 25. Qg5 Qg7 26. hxg6 hxg6 27. Rfd1 Rc7 28. R4d2 Qf6 29. Qh6 f4 30. gxf4 Qxf4 31. Qxf4 Rxf4 32. e3 Rfc4 33. Bf1 Rc2 34. Bd3 Rxd2 35. Rxd2 Bf5 36. e4 Bg4 37. Kg2 Kg7 38. Kg3 Bc8 39. f4 Kf6 40. Kf3 Rc1 41. Rg2 Kf7 42. Ke3 Rc5 43. Kd4 e6 44. Bc4 exd5 45. Bxd5+ Kg7 46. f5 1-0

[Event "Berlin Lichtenberger op 11th"]
[Site "Berlin"]
[Date "2012.08.26"]
[Round "9"]
[White "Gelemerov, Yane"]
[Black "Schmalzried, Volker"]
[Result "1-0"]
[WhiteElo "2033"]
[BlackElo "1858"]
[PlyCount "57"]
[EventDate "2012.08.18"]
[EventType "swiss"]
[EventRounds "9"]
[EventCountry "GER"]
[SourceTitle "CBM 150 Extra"]
[Source "ChessBase"]
[SourceDate "2012.10.19"]
[SourceVersion "1"]
[SourceVersionDate "2012.10.19"]
[SourceQuality "1"]

1. e4 c5 2. Nc3 Nc6 3. f4 e6 4. Bb5 Nge7 5. Nf3 g6 6. e5 Bg7 7. Ne4 0-0 8. 0-0 Nd5 9. Bxc6 bxc6 10. d3 c4 11. dxc4 Qb6+ 12. Nd4 Ne7 13. b3 Nf5 14. c3 d5 15. c5 Qc7 16. Nd6 f6 17. g4 Nh4 18. Qe1 fxe5 19. fxe5 Rxf1+ 20. Kxf1 Ba6+ 21. Kg1 Rf8 22. Qxh4 Rf1+ 23. Kg2 Bxe5 24. Bb2 Rxa1 25. Bxa1 Bxd6 26. cxd6 Qxd6 27. Qf6 Bc8 28. c4 c5 29. Nf5 1-0

[Event "Berlin Lichtenberger op 11th"]
[Site "Berlin"]
[Date "2012.08.24"]
[Round "7"]
[White "Schulz, Hartmut"]
[Black "Schmalzried, Volker"]
[Result "0-1"]
[WhiteElo "2081"]
[BlackElo "1858"]
[PlyCount "34"]
[EventDate "2012.08.18"]
[EventType "swiss"]
[EventRounds "9"]
[EventCountry "GER"]
[SourceTitle "CBM 150 Extra"]
[Source "ChessBase"]
[SourceDate "2012.10.19"]
[SourceVersion "1"]
[SourceVersionDate "2012.10.19"]
[SourceQuality "1"]

1. Nf3 c5 2. c4 Nc6 3. g3 g6 4. Bg2 Bg7 5. 0-0 Nf6 6. Nc3 0-0 7. d4 cxd4 8. Nxd4 Nxd4 9. Qxd4 d6 10. Rd1 Nd7 11. Qd2 Rb8 12. Qc2 Ne5 13. b3 Bf5 14. e4 Bg4 15. f3 Nxf3+ 16. Bxf3 Bxf3 17. Rd3 Bxe4 0-1